00223nam a22000977a 4500020001800000040000900018082001500027100001700042245003000059260003600089 a0000000586207 cNUST a823.8bHAR aThomas Hardy aThe Mayor Of Casterbridge aLahore:bA H Publishers,c2015.